| 000 | 01005cam a2200313 i 4500 | ||
|---|---|---|---|
| 999 |
_c7868 _d7868 |
||
| 001 | 991060024101406706 | ||
| 003 | OSt | ||
| 005 | 20240221142731.0 | ||
| 008 | 211108e202110 spc|||| |||| 0|0 0 cat|c | ||
| 015 |
_aLL2022 _2bnc |
||
| 017 |
_aDL B 16342-2021 _bBiblioteca de Catalunya |
||
| 020 | _a9788418858000 | ||
| 035 | _a(OCoLC)1331522704 | ||
| 040 |
_aES-BaBC _bcat _erda _cCDMR |
||
| 043 | _ae-ru--- | ||
| 080 |
_a32 _x(470+571) _x"1991/..." _22004 |
||
| 080 |
_a327 _x(470+571) _22004 |
||
| 100 |
_aFerri, Llibert _94675 |
||
| 245 | 1 | 0 |
_aPutin trenta anys després del final de l'URSS / _cLlibert Ferri |
| 264 | 1 |
_aBarcelona : _bEdicions de 1984, _c2021 |
|
| 300 |
_a312 pàgines ; _c21 cm |
||
| 490 | 1 |
_aDe bat a bat ; _v47 |
|
| 504 | _aInclou referències bibliogràfiques (pàgines 311-312) | ||
| 651 | 7 |
_aRússia (Federació) _xPolítica i govern _y1991-. _2lemac |
|
| 830 | 0 |
_aDe bat a bat (Edicions de 1984) ; _v47 |
|
| 908 |
_aBAB _aUAB _aBC _aUdG _aURL |
||
| 940 | _aBAB | ||
| 942 |
_2udc _cMON |
||